000 00313 a2200109 4500
001 ART_12771
005 20260410161733.0
008 260409a
245 1 0 _aAnálisis del presupuesto
100 1 _aRossi, Rodolfo C.
773 0 _tEjecutivos de finanzas
_g- Año 6, Nº 46 (jun. 1988)
_wREV2863
999 _c18021
_d18021